LIBRARY & INFORMATION CENTRE, KCAET, TAVANUR

ONLINE PUBLIC ACCESS CATALOGUE (OPAC)

Development and performance evaluation of herbicide applicator as an attachment to the paddy transplanter (Record no. 15040)

MARC details
000 -LEADER
fixed length control field 00801nam a22001817a 4500
003 - CONTROL NUMBER IDENTIFIER
control field OSt
088 ## - REPORT NUMBER
Report number P 233
100 ## - MAIN ENTRY--AUTHOR NAME
Personal name ANEESH PAPPAN D
-- JIYA C. VARGHESE
-- SANDEEP KUMAR
245 ## - TITLE STATEMENT
Title Development and performance evaluation of herbicide applicator as an attachment to the paddy transplanter
260 ## - PUBLICATION, DISTRIBUTION, ETC. (IMPRINT)
Place of publication Tavanur 2012
Name of publisher Department of Farm Power Machinery and Energy
300 ## - PHYSICAL DESCRIPTION
Number of Pages 45
500 ## - GENERAL NOTE
General note Development and performance evaluation of herbicide applicator as an attachment to the paddy transplanter
520 ## - SUMMARY, ETC.
Summary, etc Development and performance evaluation of herbicide applicator as an attachment to the paddy transplanter
700 ## - ADDED ENTRY--PERSONAL NAME
Personal name Dr. Jayan P. R (Guide)
856 ## - ELECTRONIC LOCATION AND ACCESS
Uniform Resource Identifier https://drive.google.com/open?id=1z0yHdXD0azYq2okFbDBPC2p6h2M4HO7Q
942 ## - ADDED ENTRY ELEMENTS (KOHA)
Koha item type Project Report
Holdings
Collection code Home library Current library Shelving location Full call number Accession Number Koha item type
Reference KAUAET KAUAET Reference 631.3 ANE/DE P 233 Project Report
free website counter